000 00357 a2200133 4500
000 nam a22 7a 4500
100 _aDavid J. Miller
110 _aDavid J. Miller
245 _aAdversarial Learning and Secure AI
250 _alatest edition
260 _bCambridge University Press
_c2023
264 _bCambridge University Press
_c2023
942 _cBK
999 _c397157
_d397157